<?xml version="1.0" encoding="UTF-8"?>
<collection xmlns="http://www.loc.gov/MARC21/slim">
 <record>
  <leader>00687pamaa2200205   4500</leader>
  <controlfield tag="001">0000024337</controlfield>
  <controlfield tag="005">20060517090000.0</controlfield>
  <datafield tag="020" ind1="0" ind2="0">
   <subfield code="a">0409314315 </subfield>
  </datafield>
  <datafield tag="082" ind1=" " ind2=" ">
   <subfield code="a">346.94066 BAX</subfield>
  </datafield>
  <datafield tag="090" ind1="0" ind2="0">
   <subfield code="a">KU894 </subfield>
   <subfield code="b">BAX 1999</subfield>
  </datafield>
  <datafield tag="100" ind1="1" ind2="0">
   <subfield code="a">BAXT </subfield>
  </datafield>
  <datafield tag="245" ind1="1" ind2="0">
   <subfield code="a">Afterman and Baxt's cases and materials on corporations and associations  </subfield>
   <subfield code="c">Robert Baxt, Keith Fletcher and Saul Fridman.</subfield>
  </datafield>
  <datafield tag="250" ind1="0" ind2="0">
   <subfield code="a">8th ed..</subfield>
  </datafield>
  <datafield tag="260" ind1="0" ind2="0">
   <subfield code="a">Sydney: </subfield>
   <subfield code="b">Butterworth, </subfield>
   <subfield code="c">1999.</subfield>
  </datafield>
  <datafield tag="300" ind1=" " ind2=" ">
   <subfield code="a">xlv, 994p.; </subfield>
   <subfield code="c">23cm.</subfield>
  </datafield>
  <datafield tag="650" ind1="0" ind2="0">
   <subfield code="a">Corporation law -- </subfield>
   <subfield code="x">Cases -- </subfield>
   <subfield code="z">Australia </subfield>
  </datafield>
  <datafield tag="650" ind1="0" ind2="0">
   <subfield code="a">Partnership -- </subfield>
   <subfield code="x">Cases -- </subfield>
   <subfield code="z">Australia </subfield>
  </datafield>
  <datafield tag="650" ind1="0" ind2="0">
   <subfield code="a">Unincorporated societies -- </subfield>
   <subfield code="x">Cases -- </subfield>
   <subfield code="z">Australia </subfield>
  </datafield>
  <datafield tag="700" ind1="1" ind2="1">
   <subfield code="a">FLETCHER, </subfield>
   <subfield code="h">Keith </subfield>
  </datafield>
  <datafield tag="700" ind1="1" ind2="1">
   <subfield code="a">FRIDMAN, </subfield>
   <subfield code="h">Saul </subfield>
  </datafield>
 </record>
</collection>
